000 00296nam a22001337a 4500
008 170713b xxu||||| |||| 00| 0 eng d
020 _a019501671
041 _aeng
080 _a101
100 _a24
101 _aFIL
245 _aSCIENCES SENTIMENT IN AMERICA
_cWHITE.M
942 _2udc
_cBK
999 _c20590
_d20590